Toutes Les équipes De Ligue 2 depuis 2010 - Statistiques

Statistiques générales
  • Ce quiz a été pris 62 fois
  • Le résultat moyen est 33 sur 53
Statistiques - réponses
Équipe % Correct
Bordeaux
96%
Saint Étienne
91%
Lens
89%
Metz
87%
Toulouse
87%
Ajaccio
83%
Amiens
83%
Bastia
83%
Strasbourg
83%
Auxerre
81%
Brest
81%
Dijon
81%
Grenoble
81%
Lorient
81%
Nancy
81%
Caen
79%
Nîmes
79%
Paris Fc
79%
Guingamp
77%
Reims
77%
Angers
74%
Monaco
74%
Red Star
74%
Valenciennes
74%
Nantes
72%
Troyes
72%
Clermont
70%
Dunkerque
70%
Le Mans
70%
Sochaux
64%
Laval
62%
Châteauroux
60%
Pau
60%
Rodez
60%
Annecy
55%
Annecy
55%
Niort
55%
Sedan
55%
Tours
55%
Orléans
53%
Gazelec
51%
Arles Avignon
45%
Havre
40%
Boulogne
38%
Istres
38%
Qrm
32%
Vannes
32%
Créteil
30%
Bourg en Bresse
26%
Béziers
21%
Ca Bastia
21%
Chambly
11%
Evian Tg
4%
Aucun quiz correspondant
Distribution des résultats
% des personnes avec chaque résultat
Percentile par nombre de réponses
Votre historique - résultats
Vous n’avez pas pris ce quiz